000 00781nam a2200241 a 4500
005 20240522063652.0
008 160503s2010 mx r 000 0 spa d
020 _a9788498014815
035 _aUPN01000210092
049 _aI
050 4 _aHQ789
_bS4.7
100 1 _aSerres, Alain,
_d1956-
_938060
245 1 0 _aTengo derecho a ser niño /
_cAlain Serres ; il. Aurelía Fronty ; tr. David Cáceres González.
260 _aBarcelona, Esp. :
_bBlume,
_c2010.
300 _a43 p. :
_bil. col.
534 _pTítulo original:
_tJ´ai le droit d´´etre un enfant
650 4 _aDerechos de los niños
_94862
650 4 _aLiteratura infantil francesa
_913687
650 4 _aLibros y lectura para niños
_92290
905 _aInfantil
999 _c182193
_d182193